[Event "Treviso TWE op-B 30th"]
[Site "Treviso"]
[Date "2006.12.08"]
[Round "1.7"]
[White "Colusso, Enrico"]
[Black "Sorbera, Giovanni"]
[Result "1-0"]
[WhiteElo "1691"]
[BlackElo "1449"]
[PlyCount "109"]
[EventDate "2006.12.08"]
[EventType "swiss"]
[EventRounds "5"]
[EventCountry "ITA"]
[SourceTitle "EXT 2024"]
[Source "ChessBase"]
[SourceDate "2023.10.10"]
[SourceVersion "1"]
[SourceVersionDate "2023.10.10"]
[SourceQuality "1"]

1. Nf3 d5 2. d4 e6 3. Nc3 Bb4 4. Bd2 Nf6 5. a3 Bxc3 6. bxc3 c5 7. Bg5 Qa5 8. Bd2 c4 9. Qb1 Nc6 10. a4 a6 11. Ne5 Ne4 12. Nxc6 bxc6 13. Qb4 Qxb4 14. cxb4 c3 15. Bc1 Rb8 16. Rb1 c5 17. dxc5 Nxc5 18. Bf4 Rb7 19. e3 Nxa4 20. Bxa6 Rb6 21. Bxc8 Ke7 22. Bc7 Rc6 23. Bxe6 fxe6 24. Be5 Rc4 25. Rb3 Ra8 26. 0-0 Kf7 27. Ra1 g5 28. Bxc3 Nb6 29. Rxa8 Nxa8 30. Kf1 Nc7 31. Be5 Nb5 32. c3 Kg6 33. Ke2 Kf5 34. f4 g4 35. Kd3 h5 36. g3 Rc8 37. Rb2 Ra8 38. Bd4 Ra3 39. Be5 Ra1 40. Kc2 Rh1 41. Kb3 Rc1 42. Ra2 Rb1+ 43. Ka4 Na7 44. Bd4 Nc6 45. Kb5 Nxd4+ 46. exd4 Rc1 47. Ka6 Rxc3 48. b5 Ke4 49. b6 Rc6 50. Ka7 Kxd4 51. b7 Rc7 52. Ka8 Rxb7 53. Kxb7 Ke4 54. Kc6 Kf5 55. Kd6 1-0

[Event "Veneto-ch qf 65th"]
[Site "Arqua Petrarca"]
[Date "2005.05.15"]
[Round "6.17"]
[White "Colusso, Enrico"]
[Black "Marson, Luca"]
[Result "0-1"]
[WhiteElo "1727"]
[BlackElo "1987"]
[PlyCount "136"]
[EventDate "2005.05.07"]
[EventType "swiss"]
[EventRounds "6"]
[EventCountry "ITA"]
[SourceTitle "EXT 2024"]
[Source "ChessBase"]
[SourceDate "2023.10.10"]
[SourceVersion "1"]
[SourceVersionDate "2023.10.10"]
[SourceQuality "1"]

1. e4 c5 2. b3 Nc6 3. Bb5 Nd4 4. Bd3 d6 5. c3 Nc6 6. Bb5 Bd7 7. Ne2 g6 8. Bb2 Bg7 9. 0-0 a6 10. Bxc6 Bxc6 11. Qc2 Nf6 12. d3 0-0 13. c4 b5 14. Nd2 Rb8 15. Rab1 Qd7 16. Rfe1 e5 17. f4 Ng4 18. Nf1 Bh6 19. h3 exf4 20. hxg4 Qxg4 21. Nh2 Qh5 22. Nc3 g5 23. Qe2 Qg6 24. Nd5 Bxd5 25. exd5 Rbe8 26. Qf3 Bg7 27. Bxg7 Qxg7 28. Re2 Qd4+ 29. Kf1 Re3 30. Rxe3 fxe3 31. Qe2 Qf4+ 32. Kg1 Re8 33. Rf1 Qd4 34. Ng4 Kg7 35. Rf3 h5 36. Nxe3 g4 37. Rg3 f5 38. Kh2 Re5 39. Nxf5+ Rxf5 40. Re3 Qf4+ 41. Kg1 Rf7 42. Re7 Qd4+ 43. Kh1 Qa1+ 44. Kh2 Qf6 45. Rxf7+ Qxf7 46. Qe3 Qf6 47. Qe2 Qh4+ 48. Kg1 g3 49. Qf3 Qd4+ 50. Kf1 Qa1+ 51. Ke2 Qe5+ 52. Kd1 b4 53. Kc2 a5 54. Qe4 Qc3+ 55. Kb1 Qf6 56. Qe2 h4 57. Qg4+ Kf7 58. Qd7+ Qe7 59. Qf5+ Qf6 60. Qh7+ Kf8 61. Qd7 Qf1+ 62. Kc2 Qxg2+ 63. Kb1 Qf1+ 64. Kc2 Qf6 65. Qc8+ Kg7 66. Qg4+ Kh6 67. Qh3 Qf2+ 68. Kb1 Qg1+ 0-1

[Event "Alta Padovana op-B 5th"]
[Site "Loreggia"]
[Date "2005.02.27"]
[Round "4"]
[White "Bonani, Georg"]
[Black "Colusso, Enrico"]
[Result "0-1"]
[WhiteElo "1892"]
[BlackElo "1712"]
[PlyCount "44"]
[EventDate "2005.02.25"]
[EventType "swiss"]
[EventRounds "5"]
[EventCountry "ITA"]
[SourceTitle "EXT 2024"]
[Source "ChessBase"]
[SourceDate "2023.10.10"]
[SourceVersion "1"]
[SourceVersionDate "2023.10.10"]
[SourceQuality "1"]

1. e4 e5 2. f4 d5 3. exd5 Qxd5 4. Nc3 Qe6 5. f5 Qxf5 6. Nf3 Bc5 7. Bc4 Be6 8. Bxe6 Qxe6 9. Qe2 Nc6 10. Na4 Bd6 11. 0-0 Nf6 12. d3 0-0-0 13. Nc3 Bc5+ 14. Kh1 Rd7 15. Bg5 Nd5 16. Na4 Be7 17. Bxe7 Qxe7 18. a3 Re8 19. Rae1 f5 20. Qf2 e4 21. Nc5 e3 22. Qh4 Qxc5 0-1

[Event "Campodarsego op-B 16th"]
[Site "Campodarsego"]
[Date "2005.01.22"]
[Round "3"]
[White "Colusso, Enrico"]
[Black "Morello, Franco"]
[Result "1-0"]
[WhiteElo "1712"]
[BlackElo "1448"]
[PlyCount "53"]
[EventDate "2005.01.21"]
[EventType "swiss"]
[EventRounds "5"]
[EventCountry "ITA"]
[SourceTitle "EXT 2024"]
[Source "ChessBase"]
[SourceDate "2023.10.10"]
[SourceVersion "1"]
[SourceVersionDate "2023.10.10"]
[SourceQuality "1"]

1. c4 e6 2. b3 d5 3. cxd5 exd5 4. Bb2 Nf6 5. e3 c5 6. d4 Nc6 7. dxc5 Bxc5 8. Nf3 Bb4+ 9. Nbd2 Bg4 10. Be2 Ne4 11. 0-0 Nxd2 12. Nxd2 Bxe2 13. Qxe2 0-0 14. Nf3 Bd6 15. Rfd1 Re8 16. Qb5 Qc7 17. Qxd5 Rad8 18. Qg5 Ne5 19. Bxe5 Rxe5 20. Nxe5 f6 21. Qf5 fxe5 22. Qe6+ Kh8 23. Rac1 Qb8 24. Rxd6 Re8 25. Qd5 h6 26. Rd7 Rc8 27. Rxc8+ 1-0

[Event "Treviso WE op 28th"]
[Site "Treviso"]
[Date "2004.12.08"]
[Round "4.23"]
[White "De Nardi, Riccardo"]
[Black "Colusso, Enrico"]
[Result "1/2-1/2"]
[WhiteElo "1531"]
[BlackElo "1691"]
[PlyCount "25"]
[EventDate "2004.12.04"]
[EventType "swiss"]
[EventCountry "ITA"]
[SourceTitle "EXT 2024"]
[Source "ChessBase"]
[SourceDate "2023.10.10"]
[SourceVersion "1"]
[SourceVersionDate "2023.10.10"]
[SourceQuality "1"]

1. e4 e5 2. Nf3 Nc6 3. d4 exd4 4. Bc4 Nf6 5. 0-0 Nxe4 6. Re1 d5 7. Bxd5 Qxd5 8. Nc3 Qa5 9. Nxe4 Be6 10. Neg5 0-0-0 11. Nxe6 fxe6 12. Rxe6 Bd6 13. Bg5 1/2-1/2

[Event "Veneto-ch qf 62nd"]
[Site "Arqua Petrarca"]
[Date "2002.05.05"]
[Round "3.28"]
[White "Colusso, Enrico"]
[Black "Minati, Donato"]
[Result "0-1"]
[WhiteElo "1446"]
[BlackElo "1512"]
[PlyCount "110"]
[EventDate "2002.05.04"]
[EventType "swiss"]
[EventRounds "6"]
[EventCountry "ITA"]
[SourceTitle "EXT 2024"]
[Source "ChessBase"]
[SourceDate "2023.10.10"]
[SourceVersion "1"]
[SourceVersionDate "2023.10.10"]
[SourceQuality "1"]

1. e4 c5 2. Nf3 e6 3. Nc3 Nc6 4. Bb5 Nf6 5. e5 Nd5 6. Nxd5 exd5 7. d4 Qa5+ 8. c3 Qxb5 9. Ng5 cxd4 10. a4 Qc5 11. Qh5 Qe7 12. 0-0 g6 13. Qd1 Bg7 14. cxd4 0-0 15. h4 d6 16. f4 h6 17. f5 Bxf5 18. Rxf5 gxf5 19. Nf3 dxe5 20. dxe5 Nxe5 21. Ra3 Rac8 22. Nd4 Qf6 23. Qe1 Rfe8 24. Re3 Kf8 25. b3 Ng4 26. Ba3+ Kg8 27. Rxe8+ Rxe8 28. Qxe8+ Kh7 29. Bb2 Qxh4 30. Nf3 Qf2+ 31. Kh1 Qxb2 32. Qxf7 Qc1+ 33. Ng1 Qf4 34. Nf3 d4 35. Qxb7 d3 36. Qd7 Ne5 37. Nxe5 Qxe5 38. Qxd3 Qe1+ 39. Kh2 Qh4+ 40. Qh3 Qxh3+ 41. Kxh3 a5 42. Kg3 Bc3 43. Kf4 Kg6 44. g4 fxg4 45. Kxg4 Kf6 46. Kf4 Ke6 47. Ke4 h5 48. Ke3 Kf5 49. Kf3 h4 50. Kf2 Kf4 51. Kg2 Kg4 52. Kh2 Kf4 53. Kg2 Ke3 54. Kh3 Kd3 55. Kxh4 Kc2 0-1

[Event "Veneto-ch qf 62nd"]
[Site "Arqua Petrarca"]
[Date "2002.05.04"]
[Round "1.19"]
[White "Colusso, Enrico"]
[Black "Marson, Luca"]
[Result "0-1"]
[WhiteElo "1446"]
[BlackElo "1732"]
[PlyCount "48"]
[EventDate "2002.05.04"]
[EventType "swiss"]
[EventRounds "6"]
[EventCountry "ITA"]
[SourceTitle "EXT 2024"]
[Source "ChessBase"]
[SourceDate "2023.10.10"]
[SourceVersion "1"]
[SourceVersionDate "2023.10.10"]
[SourceQuality "1"]

1. e4 c5 2. Nf3 d6 3. d4 cxd4 4. Nxd4 Nf6 5. Nc3 a6 6. Be2 e5 7. Nf3 h6 8. 0-0 Be7 9. Bc4 Qc7 10. Qe2 b5 11. Bb3 Bb7 12. Rd1 Nbd7 13. Nd5 Nxd5 14. Bxd5 Nf6 15. Bxb7 Qxb7 16. Nd2 Rc8 17. c3 0-0 18. f3 Rfd8 19. Nf1 d5 20. exd5 Rxd5 21. Be3 Rcd8 22. Rxd5 Qxd5 23. Bb6 Bc5+ 24. Ne3 Bxb6 0-1